[Event "Dos Hermanas Internet qual-C 10th"]
[Site "ICC INT"]
[Date "2009.03.14"]
[Round "1"]
[White "Helm, Leonie"]
[Black "Bispo, Leonardo"]
[Result "0-1"]
[WhiteElo "2198"]
[BlackElo "2131"]
[PlyCount "56"]
[EventDate "2009.03.14"]
[EventType "swiss (blitz)"]
[EventRounds "12"]
[EventCountry "ESP"]
[SourceTitle "CBM 129 Extra"]
[Source "ChessBase"]
[SourceDate "2009.05.05"]
[SourceVersion "2"]
[SourceVersionDate "2009.05.20"]
[SourceQuality "1"]

1. e4 Nf6 2. Nc3 d5 3. exd5 Nxd5 4. d4 Nxc3 5. bxc3 e6 6. Bc4 Be7 7. Nf3 0-0 8. 0-0 c5 9. Be3 b6 10. Ne5 Bb7 11. Qh5 g6 12. Qh3 Bd5 13. Bd3 Bf6 14. Bh6 Re8 15. f4 cxd4 16. cxd4 Nc6 17. c3 Na5 18. g4 Rc8 19. f5 exf5 20. gxf5 Rxc3 21. fxg6 hxg6 22. Rad1 Be4 23. Bd2 Qxd4+ 24. Rf2 Rxd3 25. Nxd3 Bxd3 26. Bh6 Re2 27. Qg3 Bh4 28. Qb8+ Kh7 0-1

[Event "BL 0708 (Women)"]
[Site "Germany"]
[Date "2008.04.13"]
[Round "11.3"]
[White "Beltz, Franziska"]
[Black "Helm, Leonie"]
[Result "1-0"]
[WhiteElo "2073"]
[BlackElo "2229"]
[PlyCount "123"]
[EventDate "2007.11.10"]
[EventType "team-tourn"]
[EventRounds "11"]
[EventCountry "GER"]
[SourceTitle "EXT 2009"]
[Source "ChessBase"]
[SourceDate "2008.11.26"]
[SourceVersion "1"]
[SourceVersionDate "2008.11.26"]
[SourceQuality "1"]
[WhiteTeam "Leipzig Gohlis (W)"]
[BlackTeam "Hamburger SK (W)"]
[WhiteTeamCountry "GER"]
[BlackTeamCountry "GER"]

1. e4 c5 2. Nf3 Nc6 3. d4 cxd4 4. Nxd4 Qc7 5. Nc3 e6 6. Be3 a6 7. Qd2 b5 8. 0-0-0 Nf6 9. Nxc6 Qxc6 10. f3 Be7 11. g4 b4 12. Ne2 d5 13. e5 Nd7 14. f4 Rb8 15. Nd4 Qc7 16. Kb1 Nc5 17. Bd3 Na4 18. Qf2 Bc5 19. Nb3 Bxe3 20. Qxe3 Nb6 21. Rhf1 Nd7 22. Rde1 Qb6 23. Qd2 a5 24. f5 Nc5 25. Qg5 Nxd3 26. Qxg7 Rf8 27. cxd3 a4 28. Nc1 Qd4 29. Qg5 a3 30. Qd2 Qxg4 31. Rf4 Qg5 32. f6 Ba6 33. Qe3 Rc8 34. Qa7 Rxc1+ 35. Rxc1 Bxd3+ 36. Rc2 Bxc2+ 37. Kxc2 Qg6+ 38. Kd2 Qg2+ 39. Kd3 Qh3+ 40. Kd4 Kd8 41. Qe7+ Kc8 42. Qxf8+ Kc7 43. Qd6+ Kc8 44. Qxb4 Qxh2 45. Rf3 Qg1+ 46. Re3 axb2 47. Qxb2 h5 48. Qb3 Kd7 49. Qb7+ Kd8 50. Qe7+ Kc8 51. Qe8+ Kc7 52. Qxf7+ Kb8 53. Qe8+ Kc7 54. Qe7+ Kb8 55. Qb4+ Kc7 56. Qc5+ Kb8 57. f7 Qd1+ 58. Kc3 d4+ 59. Qxd4 Qa1+ 60. Kc4 Qf1+ 61. Kc5 Qc1+ 62. Rc3 1-0

[Event "BL 0708 (Women)"]
[Site "Germany"]
[Date "2008.03.16"]
[Round "9.4"]
[White "Von Wantoch Rekowski, Danijela"]
[Black "Helm, Leonie"]
[Result "1-0"]
[WhiteElo "2242"]
[BlackElo "2229"]
[PlyCount "113"]
[EventDate "2007.11.10"]
[EventType "team-tourn"]
[EventRounds "11"]
[EventCountry "GER"]
[SourceTitle "EXT 2009"]
[Source "ChessBase"]
[SourceDate "2008.11.26"]
[SourceVersion "1"]
[SourceVersionDate "2008.11.26"]
[SourceQuality "1"]
[WhiteTeam "Grosslehna (W)"]
[BlackTeam "Hamburger SK (W)"]
[WhiteTeamCountry "GER"]
[BlackTeamCountry "GER"]

1. e4 c5 2. Nf3 Nc6 3. Bb5 g6 4. 0-0 Bg7 5. Bxc6 dxc6 6. d3 Bg4 7. h3 Bxf3 8. Qxf3 e5 9. Nd2 Nf6 10. Nc4 Qe7 11. Bg5 0-0 12. Qe3 a5 13. a4 Rfe8 14. Kh1 Qf8 15. Qd2 Red8 16. Bxf6 Bxf6 17. Nxa5 Qe7 18. Qc3 Qc7 19. Nb3 b6 20. a5 bxa5 21. Rxa5 Rxa5 22. Qxa5 Qxa5 23. Nxa5 Rb8 24. Nc4 Ra8 25. g3 Kf8 26. Kg2 Ke7 27. Kf3 Ke6 28. Ke2 Ra2 29. Kd2 Bg7 30. Kc3 Ra7 31. Nd2 Kd6 32. Nb3 Bf8 33. Ra1 Rxa1 34. Nxa1 Kc7 35. Kc4 Kb6 36. Nb3 Be7 37. Nd2 Bg5 38. Nb1 Bf6 39. Nc3 Be7 40. Na4+ Kc7 41. Nxc5 Kd6 42. Nb3 Bg5 43. c3 f5 44. f3 fxe4 45. fxe4 Be3 46. d4 Bf2 47. g4 h5 48. Nd2 exd4 49. cxd4 c5 50. dxc5+ Bxc5 51. Nf3 hxg4 52. hxg4 Be3 53. b3 Ke6 54. b4 Kd6 55. e5+ Ke6 56. Kd3 Bb6 57. Ke4 1-0

[Event "BL 0708 (Women)"]
[Site "Germany"]
[Date "2007.11.11"]
[Round "2.3"]
[White "Helm, Leonie"]
[Black "Jackova, Jana"]
[Result "1/2-1/2"]
[WhiteElo "2229"]
[BlackElo "2375"]
[PlyCount "40"]
[EventDate "2007.11.10"]
[EventType "team-tourn"]
[EventRounds "11"]
[EventCountry "GER"]
[SourceTitle "EXT 2009"]
[Source "ChessBase"]
[SourceDate "2008.11.26"]
[SourceVersion "1"]
[SourceVersionDate "2008.11.26"]
[SourceQuality "1"]
[WhiteTeam "Hamburger SK (W)"]
[BlackTeam "Dresden TU (W)"]
[WhiteTeamCountry "GER"]
[BlackTeamCountry "GER"]

1. e4 e5 2. Nf3 Nc6 3. Bb5 a6 4. Ba4 Nf6 5. 0-0 Be7 6. d3 b5 7. Bb3 0-0 8. Re1 Bb7 9. c3 d5 10. exd5 Nxd5 11. Nxe5 Nxe5 12. Rxe5 c6 13. Bxd5 cxd5 14. d4 Bd6 15. Re1 Qh4 16. h3 Bc8 17. Nd2 Bxh3 18. gxh3 Qxh3 19. Qf3 Bh2+ 20. Kh1 Bg3+ 1/2-1/2

[Event "BL 0506 (Women)"]
[Site "Germany"]
[Date "2006.03.05"]
[Round "9.4"]
[White "Helm, Leonie"]
[Black "Barpiyeva, Gulsana"]
[Result "1/2-1/2"]
[WhiteElo "2163"]
[BlackElo "2107"]
[PlyCount "39"]
[EventDate "2005.10.29"]
[EventType "team-tourn"]
[EventRounds "11"]
[EventCountry "GER"]
[SourceTitle "EXT 2007"]
[Source "ChessBase"]
[SourceDate "2006.11.23"]
[SourceVersion "1"]
[SourceVersionDate "2006.11.23"]
[SourceQuality "1"]
[WhiteTeam "Hamburg (W)"]
[BlackTeam "Walldorf"]
[WhiteTeamCountry "GER"]
[BlackTeamCountry "GER"]

1. e4 c5 2. Nf3 e6 3. Nc3 a6 4. d4 cxd4 5. Nxd4 Qc7 6. Be3 Nf6 7. Bd3 Bb4 8. Qd2 d5 9. exd5 Nxd5 10. Nde2 Nxe3 11. Qxe3 Nc6 12. f4 0-0 13. 0-0-0 b5 14. Ne4 f5 15. Ng5 e5 16. fxe5 Qxe5 17. Qf3 Bb7 18. Qh5 h6 19. Nf3 Qe8 20. Qxe8 1/2-1/2

[Event "BL 0506 (Women)"]
[Site "Germany"]
[Date "2006.02.10"]
[Round "5.5"]
[White "Eckhardt, Claudia"]
[Black "Helm, Leonie"]
[Result "1/2-1/2"]
[WhiteElo "2196"]
[BlackElo "2163"]
[PlyCount "56"]
[EventDate "2005.10.29"]
[EventType "team-tourn"]
[EventRounds "11"]
[EventCountry "GER"]
[SourceTitle "EXT 2007"]
[Source "ChessBase"]
[SourceDate "2006.11.23"]
[SourceVersion "1"]
[SourceVersionDate "2006.11.23"]
[SourceQuality "1"]
[WhiteTeam "Halle (W)"]
[BlackTeam "Hamburg (W)"]
[WhiteTeamCountry "GER"]
[BlackTeamCountry "GER"]

1. d4 Nf6 2. Nf3 g6 3. g3 Bg7 4. Bg2 0-0 5. 0-0 d6 6. c4 Nc6 7. d5 Na5 8. Nfd2 c5 9. Nc3 a6 10. Qc2 Rb8 11. a3 b5 12. cxb5 axb5 13. b4 cxb4 14. axb4 Nc4 15. Nxc4 bxc4 16. Rb1 Bf5 17. e4 Bd7 18. h3 Qc8 19. Kh2 Bb5 20. f4 Nd7 21. Re1 Qc7 22. Ra1 Rb7 23. Bd2 Rc8 24. Ra5 Qb8 25. Rc1 e6 26. Bf1 Bxc3 27. Bxc3 e5 28. Rca1 Qc7 1/2-1/2

[Event "BL 0506 (Women)"]
[Site "Germany"]
[Date "2005.10.30"]
[Round "2"]
[White "Tammert, Iamze"]
[Black "Helm, Leonie"]
[Result "1/2-1/2"]
[WhiteElo "2270"]
[BlackElo "2163"]
[PlyCount "81"]
[EventDate "2005.10.29"]
[EventType "team-tourn"]
[EventRounds "11"]
[EventCountry "GER"]
[SourceTitle "CBM 109 Extra"]
[Source "ChessBase"]
[SourceDate "2006.01.03"]
[SourceVersion "2"]
[SourceVersionDate "2006.01.03"]
[SourceQuality "1"]

1. c4 g6 2. Nc3 Bg7 3. g3 d6 4. d4 Nf6 5. Bg2 0-0 6. Nf3 Nc6 7. 0-0 a6 8. a3 Bg4 9. h3 Bxf3 10. Bxf3 Nd7 11. Bxc6 bxc6 12. Be3 Nb6 13. Qd3 a5 14. b3 Qd7 15. Kg2 Qe6 16. Rac1 a4 17. d5 cxd5 18. cxd5 Qf5 19. Qxf5 gxf5 20. bxa4 Bxc3 21. Bxb6 cxb6 22. Rxc3 Rxa4 23. Rb1 Rfa8 24. Rxb6 Rxa3 25. Rc7 R8a7 26. Rbb7 Rxb7 27. Rxb7 Kf8 28. g4 Ra5 29. gxf5 Rxd5 30. e4 Re5 31. f3 Kg7 32. Kg3 Kf6 33. h4 Ra5 34. Kg4 Ra3 35. Rb6 Re3 36. Rb8 Re1 37. Rb7 Ra1 38. Kf4 Rh1 39. Kg4 Rg1+ 40. Kf4 Rh1 41. Kg4 1/2-1/2

[Event "BL 0405 (Women)"]
[Site "Germany"]
[Date "2004.11.06"]
[Round "1.2"]
[White "Helm, Leonie"]
[Black "Kononenko, Tatiana"]
[Result "0-1"]
[WhiteElo "2170"]
[BlackElo "2361"]
[PlyCount "108"]
[EventDate "2004.11.06"]
[EventType "team-tourn"]
[EventRounds "11"]
[EventCountry "GER"]
[SourceTitle "EXT 2006"]
[Source "ChessBase"]
[SourceDate "2005.11.24"]
[SourceVersion "1"]
[SourceVersionDate "2005.11.24"]
[SourceQuality "1"]
[WhiteTeam "Hamburg (W)"]
[BlackTeam "Halle (W)"]
[WhiteTeamCountry "GER"]
[BlackTeamCountry "GER"]

1. e4 e6 2. d4 d5 3. Nc3 Bb4 4. e5 Ne7 5. a3 Bxc3+ 6. bxc3 c5 7. Qg4 0-0 8. Bd3 f5 9. exf6 Rxf6 10. Qh5 h6 11. Qd1 Nbc6 12. Nf3 c4 13. Be2 Bd7 14. Be3 Be8 15. g4 Rf8 16. h4 h5 17. Ng5 Qd6 18. gxh5 Nf5 19. Qd2 Nxe3 20. Qxe3 e5 21. Bg4 Rf6 22. Rb1 Bd7 23. Bxd7 Qxd7 24. Nf3 exd4 25. cxd4 Re8 26. Ne5 Qf5 27. f4 Qxf4 28. Qxf4 Rxf4 29. c3 Nxd4 30. cxd4 Rxd4 31. Rxb7 Rxe5+ 32. Kf2 Rf4+ 33. Kg3 Rf7 34. Rxf7 Kxf7 35. Kf4 Re4+ 36. Kf3 Kf6 37. Rd1 Ke5 38. Rg1 Rxh4 39. Rxg7 Rxh5 40. Rxa7 Rh3+ 41. Ke2 Rh2+ 42. Kd1 Kd4 43. Rd7 Ra2 44. Rh7 Rxa3 45. Rh4+ Kc5 46. Kc2 d4 47. Rh5+ Kb4 48. Rh8 Ra2+ 49. Kb1 Rg2 50. Rb8+ Kc3 51. Rh8 d3 52. Rh7 Rg1+ 53. Ka2 d2 54. Rh3+ Kb4 0-1

[Event "BL 0304 (Women)"]
[Site "Germany"]
[Date "2004.03.14"]
[Round "9.3"]
[White "Helm, Leonie"]
[Black "Wagner Michel, Annett"]
[Result "1/2-1/2"]
[WhiteElo "2199"]
[BlackElo "2145"]
[PlyCount "75"]
[EventDate "2003.11.29"]
[EventType "team-tourn"]
[EventRounds "11"]
[EventCountry "GER"]
[SourceTitle "EXT 2005"]
[Source "ChessBase"]
[SourceDate "2004.11.15"]
[SourceVersion "1"]
[SourceVersionDate "2004.11.15"]
[SourceQuality "1"]
[WhiteTeam "Hamburg"]
[BlackTeam "Berlin Rotation"]
[WhiteTeamCountry "GER"]
[BlackTeamCountry "GER"]

1. e4 c5 2. Nf3 Nc6 3. d4 cxd4 4. Nxd4 Nf6 5. Nc3 d6 6. Bc4 e6 7. Bb3 a6 8. Be3 Qc7 9. 0-0 Na5 10. Qe2 b5 11. Bg5 Be7 12. Rfe1 0-0 13. Rad1 Nxb3 14. cxb3 h6 15. Bh4 b4 16. Na4 Bd7 17. Rc1 Qb7 18. e5 dxe5 19. Qxe5 Bxa4 20. Rc7 Qd5 21. Rxe7 Qxe5 22. Rxe5 Rfd8 23. bxa4 Rxd4 24. f4 Rc8 25. Ra7 Rxf4 26. Bg3 Rd4 27. Rxa6 Ne4 28. Be1 Rc1 29. Kf1 f5 30. Raxe6 Rdd1 31. Rxe4 fxe4 32. Rxe4 Rb1 33. b3 Ra1 34. Re2 Rd5 35. Kf2 Rf5+ 36. Kg3 Rg5+ 37. Kf3 Rf5+ 38. Kg3 1/2-1/2

[Event "BL 0304 (Women)"]
[Site "Germany"]
[Date "2003.11.29"]
[Round "3.3"]
[White "Sedina, Elena"]
[Black "Helm, Leonie"]
[Result "1-0"]
[WhiteElo "2394"]
[BlackElo "2199"]
[PlyCount "49"]
[EventDate "2003.11.29"]
[EventType "team-tourn"]
[EventRounds "11"]
[EventCountry "GER"]
[SourceTitle "EXT 2005"]
[Source "ChessBase"]
[SourceDate "2004.11.15"]
[SourceVersion "1"]
[SourceVersionDate "2004.11.15"]
[SourceQuality "1"]
[WhiteTeam "Baden Oos (W)"]
[BlackTeam "Hamburg"]
[WhiteTeamCountry "GER"]
[BlackTeamCountry "GER"]

1. e4 c5 2. Nf3 Nc6 3. Bb5 g6 4. 0-0 Bg7 5. c3 Nf6 6. Re1 0-0 7. e5 Nd5 8. d4 cxd4 9. cxd4 d6 10. Nc3 Nxc3 11. bxc3 Qa5 12. Bxc6 bxc6 13. exd6 exd6 14. Bf4 Qc7 15. Nd2 Be6 16. Qa4 Rfd8 17. Ne4 Rac8 18. Qa3 Bf8 19. Bg5 Be7 20. Qc1 Kg7 21. Qf4 d5 22. Qh4 Bxg5 23. Nxg5 Bf5 24. Qxh7+ Kf6 25. Qh6 1-0

[Event "BL 0304 (Women)"]
[Site "Germany"]
[Date "2003.10.25"]
[Round "1.3"]
[White "Helm, Leonie"]
[Black "Guenther, Anetta"]
[Result "1-0"]
[WhiteElo "2199"]
[BlackElo "2120"]
[PlyCount "59"]
[EventDate "2003.11.29"]
[EventType "team-tourn"]
[EventRounds "11"]
[EventCountry "GER"]
[SourceTitle "EXT 2005"]
[Source "ChessBase"]
[SourceDate "2004.11.15"]
[SourceVersion "1"]
[SourceVersionDate "2004.11.15"]
[SourceQuality "1"]
[WhiteTeam "Hamburg"]
[BlackTeam "Rodewisch"]
[WhiteTeamCountry "GER"]
[BlackTeamCountry "GER"]

1. e4 c5 2. Nf3 d6 3. d4 cxd4 4. Nxd4 Nf6 5. Nc3 a6 6. Bc4 e6 7. Bb3 b5 8. Bg5 Be7 9. Qf3 Qc7 10. e5 Bb7 11. exd6 Bxd6 12. Qe3 0-0 13. 0-0-0 Bc5 14. Bxf6 gxf6 15. Qh6 Qe5 16. f4 Qe3+ 17. Kb1 Bxd4 18. Rd3 Qxd3 19. cxd3 Nd7 20. Ne4 Rfd8 21. f5 Bxe4 22. dxe4 exf5 23. exf5 Nc5 24. Re1 Re8 25. Rd1 Rad8 26. Bxf7+ Kxf7 27. Qxh7+ Kf8 28. Qh8+ Kf7 29. Qh7+ Kf8 30. Qh6+ 1-0

[Event "Hamburg HSK IM"]
[Site "Hamburg"]
[Date "2003.10.19"]
[Round "9"]
[White "Sarakauskas, Gediminas"]
[Black "Helm, Leonie"]
[Result "1-0"]
[WhiteElo "2428"]
[BlackElo "2199"]
[PlyCount "83"]
[EventDate "2003.10.13"]
[EventType "tourn"]
[EventRounds "9"]
[EventCountry "GER"]
[EventCategory "4"]
[SourceTitle "CBM 096 Extra"]
[Source "ChessBase"]
[SourceDate "2003.10.22"]
[SourceVersion "2"]
[SourceVersionDate "2003.10.20"]
[SourceQuality "1"]

1. e4 c5 2. Nf3 e6 3. c3 Nf6 4. e5 Nd5 5. d4 cxd4 6. Qxd4 Nc6 7. Qe4 f5 8. Qe2 d6 9. c4 Nb6 10. Bg5 Be7 11. Bxe7 Qxe7 12. Nc3 0-0 13. 0-0-0 dxe5 14. Nxe5 Qc5 15. Nxc6 bxc6 16. Qe3 Qb4 17. a3 Qe7 18. c5 Nd5 19. Nxd5 cxd5 20. Rxd5 f4 21. Qe1 Bb7 22. Re5 Rfc8 23. Qc3 Bd5 24. b4 a5 25. Bd3 axb4 26. axb4 Ra2 27. Bb1 Ra4 28. Qc2 Qa7 29. Qxh7+ Kf7 30. Rxd5 Rxb4 31. Rf5+ exf5 32. Qxf5+ Kg8 33. Qxc8+ Kf7 34. Qf5+ Kg8 35. Qd5+ Kf8 36. Qf5+ Kg8 37. Qe6+ Kf8 38. Qd6+ Kg8 39. Qd8+ Kf7 40. Qd3 Qxc5+ 41. Bc2 Rd4 42. Qf5+ 1-0

[Event "Hamburg HSK IM"]
[Site "Hamburg"]
[Date "2003.10.15"]
[Round "4"]
[White "Helm, Leonie"]
[Black "Langrock, Hannes"]
[Result "0-1"]
[WhiteElo "2199"]
[BlackElo "2336"]
[PlyCount "98"]
[EventDate "2003.10.13"]
[EventType "tourn"]
[EventRounds "9"]
[EventCountry "GER"]
[EventCategory "4"]
[SourceTitle "CBM 096 Extra"]
[Source "ChessBase"]
[SourceDate "2003.10.22"]
[SourceVersion "2"]
[SourceVersionDate "2003.10.20"]
[SourceQuality "1"]

1. e4 e6 2. d4 d5 3. Nc3 Bb4 4. e5 c5 5. a3 Bxc3+ 6. bxc3 Qa5 7. Bd2 Qa4 8. Nf3 b6 9. Bd3 Ba6 10. 0-0 Ne7 11. Re1 Nd7 12. Bxa6 Qxa6 13. Ng5 h5 14. a4 Nf5 15. Be3 Qc4 16. Ra3 Rc8 17. Qf3 cxd4 18. cxd4 Nf8 19. h3 Ng6 20. g4 hxg4 21. hxg4 Nh6 22. Nh3 Qb4 23. Raa1 Rc3 24. Qe2 Rc4 25. Kg2 Qe7 26. Rh1 Qd7 27. a5 b5 28. a6 Qc6 29. Ra2 Kd7 30. Rb1 Rb8 31. Kg3 Ng8 32. Ng5 f6 33. Nf7 fxe5 34. dxe5 Rf8 35. Nd6 Nxe5 36. Nxc4 Nxc4 37. c3 Nf6 38. f3 Rh8 39. Bf4 e5 40. Bxe5 Re8 41. f4 Ne4+ 42. Kh2 Qh6+ 43. Kg1 Rh8 44. Qg2 Nxe5 45. Rxb5 Qxf4 46. Rxd5+ Ke6 47. Rxe5+ Kxe5 48. Ra5+ Kd6 49. Rf5 Qc1+ 0-1

[Event "BL 0203 (Women)"]
[Site "Germany"]
[Date "2003.02.02"]
[Round "7.3"]
[White "Helm, Leonie"]
[Black "Lange, Soenje"]
[Result "1-0"]
[WhiteElo "2242"]
[BlackElo "1938"]
[PlyCount "63"]
[EventDate "2002.10.12"]
[EventType "team-tourn"]
[EventRounds "11"]
[EventCountry "GER"]
[SourceTitle "EXT 2004"]
[Source "ChessBase"]
[SourceDate "2003.11.25"]
[SourceVersion "1"]
[SourceVersionDate "2003.11.25"]
[SourceQuality "1"]
[WhiteTeam "Hamburg (W)"]
[BlackTeam "Kiel (W)"]
[WhiteTeamCountry "GER"]
[BlackTeamCountry "GER"]

1. e4 c5 2. Nf3 d6 3. d4 cxd4 4. Nxd4 Nf6 5. Nc3 a6 6. Bc4 Nbd7 7. Bg5 e6 8. Bb3 Nc5 9. f4 h6 10. Bxf6 Qxf6 11. 0-0 Qd8 12. f5 Nxb3 13. cxb3 e5 14. Nde2 Bd7 15. Nd5 f6 16. Nef4 h5 17. Nxh5 Bc6 18. Qg4 Bxd5 19. exd5 Qd7 20. Rfe1 0-0-0 21. Rac1+ Kb8 22. Ng3 g5 23. Qf3 Be7 24. Rc4 Rdf8 25. Rec1 Qb5 26. a4 Qb6+ 27. Kh1 g4 28. Rxg4 Rxh2+ 29. Kxh2 Rh8+ 30. Nh5 Rxh5+ 31. Kg3 Qa5 32. Rg8+ 1-0

[Event "BL 0203 (Women)"]
[Site "Germany"]
[Date "2003.02.01"]
[Round "6.3"]
[White "Richards, Heather"]
[Black "Helm, Leonie"]
[Result "1-0"]
[WhiteElo "2275"]
[BlackElo "2242"]
[PlyCount "63"]
[EventDate "2002.10.12"]
[EventType "team-tourn"]
[EventRounds "11"]
[EventCountry "GER"]
[SourceTitle "EXT 2004"]
[Source "ChessBase"]
[SourceDate "2003.11.25"]
[SourceVersion "1"]
[SourceVersionDate "2003.11.25"]
[SourceQuality "1"]
[WhiteTeam "Holsterhausen (W)"]
[BlackTeam "Hamburg (W)"]
[WhiteTeamCountry "GER"]
[BlackTeamCountry "GER"]

1. e4 c5 2. c3 Nf6 3. e5 Nd5 4. Nf3 Nc6 5. Bc4 Nb6 6. Bb3 d5 7. exd6 Qxd6 8. 0-0 Be6 9. Na3 Bxb3 10. Qxb3 Qd3 11. Nb5 c4 12. Qd1 0-0-0 13. b4 e6 14. Re1 Rd5 15. a4 g5 16. Re3 Qg6 17. Qe2 Bg7 18. a5 Rxb5 19. axb6 a6 20. Qxc4 Rxb6 21. d4 g4 22. Ne5 Bxe5 23. Rxe5 Kb8 24. Qc5 Ka7 25. Be3 Qd3 26. Rg5 Nb8 27. d5 Nd7 28. Qc7 h6 29. Rg7 Ka8 30. Bxb6 Nxb6 31. Rxf7 Qxd5 32. Rxa6+ 1-0

[Event "BL2-Nord 0304"]
[Site "Germany"]
[Date "2003.??.??"]
[Round "?.8"]
[White "Ehrke, Michael"]
[Black "Helm, Leonie"]
[Result "1-0"]
[WhiteElo "2220"]
[BlackElo "2195"]
[PlyCount "85"]
[EventDate "2003.10.??"]
[EventType "team-tourn"]
[EventRounds "9"]
[EventCountry "GER"]
[SourceTitle "CBM 100 Extra"]
[Source "ChessBase"]
[SourceDate "2004.07.06"]
[SourceVersion "2"]
[SourceVersionDate "2004.07.06"]
[SourceQuality "1"]
[WhiteTeam "Luebeck"]
[BlackTeam "Hamburger SK II"]
[WhiteTeamCountry "GER"]
[BlackTeamCountry "GER"]

1. d4 Nf6 2. Nf3 g6 3. Bf4 Bg7 4. e3 d6 5. h3 0-0 6. Be2 Nfd7 7. 0-0 e5 8. Bh2 Nc6 9. c4 f5 10. Nc3 Kh8 11. Nd5 Ne7 12. Rc1 c6 13. Nc3 Ng8 14. b4 Qe7 15. c5 dxc5 16. bxc5 f4 17. exf4 exf4 18. Bd3 Bh6 19. Re1 Qg7 20. Ne4 g5 21. Nd6 g4 22. hxg4 Qxg4 23. Qb3 Ndf6 24. Ne5 Qh5 25. Nef7+ Kg7 26. Re5 Qh4 27. f3 Nd5 28. Nxc8 Raxc8 29. Nd6 Rc7 30. Rxd5 cxd5 31. Qxd5 Re7 32. Be4 Qg5 33. Qxg5+ Bxg5 34. Nf5+ Rxf5 35. Bxf5 Nf6 36. Rb1 Nd5 37. Be4 Nc3 38. Rxb7 Ne2+ 39. Kf2 Nxd4 40. c6 Ne6 41. Ke2 Kf6 42. Bg1 a6 43. Bb6 1-0

[Event "Wch U20 Girls 19th"]
[Site "Goa"]
[Date "2002.12.12"]
[Round "6"]
[White "Helm, Leonie"]
[Black "Pogonina, Natalija"]
[Result "0-1"]
[WhiteElo "2235"]
[BlackElo "2397"]
[PlyCount "78"]
[EventDate "2002.12.09"]
[EventType "swiss"]
[EventRounds "13"]
[EventCountry "IND"]
[SourceTitle "CBM 091 Extra"]
[Source "ChessBase"]
[SourceDate "2003.01.09"]
[SourceVersion "1"]
[SourceVersionDate "2003.01.09"]
[SourceQuality "1"]

1. e4 c5 2. Nf3 d6 3. d4 cxd4 4. Nxd4 Nf6 5. Nc3 g6 6. Be3 Bg7 7. f3 0-0 8. Qd2 Nc6 9. Bc4 Bd7 10. 0-0-0 Rc8 11. Bb3 Ne5 12. Kb1 Nc4 13. Bxc4 Rxc4 14. g4 b5 15. b3 Rc8 16. Ndxb5 a6 17. Nd4 Qc7 18. Nd5 Nxd5 19. exd5 Qb7 20. Bh6 Bxh6 21. Qxh6 Rc5 22. h4 Rxd5 23. h5 g5 24. Nf5 Rxf5 25. gxf5 f6 26. f4 g4 27. c4 Bxf5+ 28. Kb2 a5 29. Rd5 a4 30. Rg1 a3+ 31. Kc3 Qd7 32. Ra5 Qe6 33. Kb4 d5 34. Rxd5 Qb6+ 35. Rb5 Qxg1 36. Rxf5 Qe1+ 37. Kxa3 Ra8+ 38. Kb2 Qd2+ 39. Kb1 Qd3+ 0-1

[Event "Wch U18 Girls"]
[Site "Heraklion"]
[Date "2002.11.23"]
[Round "10"]
[White "Kalvyte, Vesta"]
[Black "Helm, Leonie"]
[Result "1/2-1/2"]
[WhiteElo "1998"]
[BlackElo "2235"]
[PlyCount "80"]
[EventDate "2002.11.15"]
[EventType "swiss"]
[EventRounds "11"]
[EventCountry "GRE"]
[SourceTitle "CBM 091 Extra"]
[Source "ChessBase"]
[SourceDate "2003.01.09"]
[SourceVersion "1"]
[SourceVersionDate "2003.01.09"]
[SourceQuality "1"]

1. e4 c5 2. Nf3 Nc6 3. d4 cxd4 4. Nxd4 Qc7 5. Nc3 e6 6. Be3 a6 7. Be2 Nf6 8. 0-0 Be7 9. a4 0-0 10. Kh1 d6 11. f4 Re8 12. Qe1 Nxd4 13. Bxd4 e5 14. Be3 exf4 15. Bxf4 Be6 16. Qg3 Nd7 17. Bd3 Ne5 18. Rae1 Bf8 19. Nd1 Rac8 20. Ne3 Qc5 21. Bxe5 Qxe5 22. Qxe5 dxe5 23. c4 Bc5 24. Nd5 Bd4 25. Re2 Bxd5 26. cxd5 Rc5 27. b3 Rec8 28. g3 f6 29. Rd1 Kf7 30. Kg2 Ke7 31. Rdd2 Rc3 32. Rc2 Kd6 33. Bc4 Kc5 34. Rxc3 Bxc3 35. Rc2 Kb4 36. d6 Rd8 37. Bd5 Rxd6 38. Kf3 Rd7 39. g4 h6 40. h3 Rc7 1/2-1/2